MARC

LEADER 00000nam0a2200000 4500
001 95089
005 20231101214005.0
035 |a (RuTPU)RU\TPU\book\101841 
090 |a 95089 
100 |a 20060420d1970 k y0rusy50 ca 
101 0 |a rus 
102 |a UA 
105 |a a z 001zy 
200 1 |a Многокомпонентные системы окислов  |f А. С. Бережной  |g Академия наук Украинской ССР (АН УССР), Институт общей и неорганической химии 
210 |a Киев  |c Наукова думка  |d 1970 
215 |a 544 с.  |c ил. 
320 |a Библиогр.: с. 486-538. 
320 |a Указатель: с. 539-542. 
606 1 |a Оксиды  |2 stltpush  |3 (RuTPU)RU\TPU\subj\46935  |9 66017 
610 1 |a химия 
610 1 |a окислы 
610 1 |a многокомпонентные системы 
610 1 |a физико-химические свойства 
610 1 |a элементы 
610 1 |a бинарные системы 
610 1 |a классификация 
675 |a 546-31  |v 3 
700 1 |a Бережной  |b А. С.  |g Анатолий Семёнович 
712 0 2 |a Академия наук Украинской ССР (АН УССР)  |b Институт общей и неорганической химии  |2 stltpush  |3 (RuTPU)RU\TPU\col\11826 
801 1 |a RU  |b 63413507  |c 20060420  |g PSBO 
801 2 |a RU  |b 63413507  |c 20151202  |g PSBO 
942 |c BK